MARC

LEADER 00000nam0a2200000 4500
001 309572
005 20231102002213.0
035 |a (RuTPU)RU\TPU\book\334911 
090 |a 309572 
100 |a 20151116d1983 m y0rusy50 ca 
101 0 |a rus 
102 |a RU 
105 |a y z 000gy 
200 1 |a Стихотворения и поэмы  |f Э. Г. Багрицкий 
210 |a Минск  |c Наука и техника  |d 1983 
215 |a 415 с. 
606 1 |a Русская литература современная  |2 stltpush  |3 (RuTPU)RU\TPU\subj\26373  |9 50316 
610 1 |a поэзия 
610 1 |a поэмы 
610 1 |a стихотворения 
610 1 |a 20 век 
675 |a Р2  |v 4 
700 1 |a Багрицкий  |b Э. Г.  |c настоящая фамилия Дзюбин  |c русский поэт  |f 1895-1934  |g Эдуард Григорьевич  |2 stltpush  |3 (RuTPU)RU\TPU\pers\14635  |4 070  |9 4863 
801 1 |a RU  |b 63413507  |c 20151116 
801 2 |a RU  |b 63413507  |c 20210414  |g RCR 
942 |c BK